Say What You See - Animals - Statistics

General Stats
  • This quiz has been taken 42 times
  • The average score is 6 of 15
Answer Stats
Picture Answer % Correct
Dolphin
89%
Monkey
81%
Caterpillar
67%
Grasshopper
58%
Penguin
56%
Tiger
50%
Labrador
47%
Hippopotamus
36%
Badger
28%
Flamingo
28%
Cheetah
25%
Tarantula
22%
Centipede
11%
Salamander
11%
Whale
3%
No matching quizzes found
Score Distribution
Percent of People with Each Score
Percentile by Number Answered
Your Score History
You have not taken this quiz